Lady Gaga, Nicolas Sarkozy ou les deux ? - Statistiques

Statistiques générales
  • Ce quiz a été pris 138 fois
  • Le résultat moyen est 8 sur 12
Statistiques - réponses
Question Réponse % Correct
A tourné un clip vidéo portant un bikini en prison avec Beyoncé Lady Gaga
96%
A été condamné pour financement illicite de campagne électorale Nicolas Sarkozy
95%
Est parrain/marraine d’un des enfants d’Elon John Lady Gaga
91%
Possède 3 bouledogues Lady Gaga
73%
A redoublé la classe de 6e Nicolas Sarkozy
67%
Pratique la méditation transcendantale Lady Gaga
66%
A rencontré le Dalaï Lama Les deux
62%
Porte régulièrement des chaussures à talons Les deux
52%
A de la famille italienne Les deux
51%
Est apparu dans les Simpson Les deux
48%
Fait plus d'1m60 Nicolas Sarkozy
43%
Pratique l'équitation Les deux
36%
Aucun quiz correspondant
Distribution des résultats
% des personnes avec chaque résultat
Percentile par nombre de réponses
Votre historique - résultats
Vous n’avez pas pris ce quiz